Países por imagem de satélite parcial #1 - Statistics

Estatísticas Gerais
  • Esse quiz foi jogado 97 vezes
  • A pontuação média é 8 de 15
Estatísticas das Respostas
Imagem Resposta % Correto
Itália
92%
Chipre
86%
Cuba
77%
Filipinas
66%
Grécia
66%
Turquia
66%
Taiwan
65%
França
57%
Madagáscar
56%
Indonésia
52%
Rússia
47%
Canadá
38%
Panamá
26%
Alemanha
25%
Iraque
17%
Nenhum quiz correspondente encontrado
Distribuição das Pontuações
Porcentagem de Pessoas com Cada Pontuação
Percentil de Números Respondidos
Sua Pontuação Histórica
Você não jogou esse quiz